| 000 -CABECERA |
| Campo de control de longitud fija |
01291nam a22002657a 4500 |
| 003 - IDENTIFICADOR DEL NÚMERO DE CONTROL |
| Campo de control |
OSt |
| 005 - FECHA Y HORA DE LA ÚLTIMA TRANSACCIÓN |
| Campo de control |
20260626154157.0 |
| 008 - CÓDIGOS DE INFORMACIÓN DE LONGITUD FIJA |
| Campo de control de longitud fija |
260625t2024 xxu||||| |||| 00| 0 spa d |
| 040 ## - FUENTE DE LA CATALOGACIÓN |
| Centro catalogador de origen |
Unicoc |
| Lengua de catalogación |
spa |
| Centro que cataloga |
Bogotá (Dr. David Ordóñez Rueda) - Campus Norte |
| Centro modificador |
Bogotá (Dr. David Ordóñez Rueda) - Campus Norte |
| 082 ## - NÚMERO DE LA CLASIFICACIÓN DECIMAL DEWEY |
| Número de clasificación |
371.33 |
| 100 ## - PUNTO DE ACCESO PRINCIPAL - NOMBRE DE PERSONA |
| 9 (RLIN) |
13134 |
| Nombre de persona |
Rey Valzacchi, Jorge |
| 245 ## - MENCIÓN DE TÍTULO |
| Título |
Tecnologías exponenciales, emergentes y convergentes |
| Subtitulo o Resto del título |
: De la innovación a la transformación global de la sociedad |
| Mención de responsabilidad etc. |
/ Jorge Rey Valzacchi |
| 250 ## - MENCIÓN DE EDICIÓN |
| Mención de edición |
1 Ed. |
| 260 ## - PUBLICATION, DISTRIBUTION, ETC. (IMPRINT) |
| Lugar de publicación distribución etc. |
Argentina : |
| Nombre del editor distribuidor etc. |
Latinoamericano de Desarrollo Profesional Docente , |
| Fecha de publicación distribución etc. |
2024. |
| 300 ## - DESCRIPCIÓN FÍSICA |
| Extensión |
140 páginas |
| Otras características físicas |
Ilustraciones, diagramas, tablas, gráficas |
| 440 ## - MENCIÓN DE SERIE |
| 9 (RLIN) |
13135 |
| Título |
Aprende Virtual |
| 505 ## - NOTA DE CONTENIDO CON FORMATO |
| Título |
Primera parte: Fundamentos de las tecnologías exponenciales. -- |
| -- |
Segunda parte: Las tecnologías exponenciales en detalle. -- |
| -- |
Tercera parte: El futuro de las tecnologías exponenciales. |
| 526 ## - NOTA DE INFORMACIÓN SOBRE EL PROGRAMA DE ESTUDIO |
| Institución que aplica el campo |
Unicoc |
| 546 ## - NOTA DE LENGUA |
| Nota de lengua |
Español |
| 650 #0 - PUNTO DE ACCESO ADICIONAL DE MATERIA - TÉRMINO DE MATERIA |
| 9 (RLIN) |
13166 |
| Término de materia o nombre geográfico como elemento inicial |
Tecnologías emergentes |
| 650 #0 - PUNTO DE ACCESO ADICIONAL DE MATERIA - TÉRMINO DE MATERIA |
| 9 (RLIN) |
13155 |
| Término de materia o nombre geográfico como elemento inicial |
Transformación digital en la educación |
| 650 #0 - PUNTO DE ACCESO ADICIONAL DE MATERIA - TÉRMINO DE MATERIA |
| 9 (RLIN) |
13167 |
| Término de materia o nombre geográfico como elemento inicial |
Competencias digitales |
| Subdivisión de materia general |
Educación |
| 856 ## - LOCALIZACIÓN Y ACCESO ELECTRÓNICOS |
| Texto del enlace |
Acceso online exclusivo para comunidad Unicoc. |
| Identificador Uniforme del Recurso (URI) |
https://unicoceduco-my.sharepoint.com/:b:/g/personal/direccionbiblioteca_unicoc_edu_co/IQDfz26C6_TvT5KwGPo5GezmAeoI2rMk0vYIYPy0XRUOklQ |
| 942 ## - ENTRADA PARA ELEMENTOS AGREGADOS (KOHA) |
| Fuente de clasificación o esquema de ordenación en estanterías |
|
| Koha [por defecto] tipo de item |
Libro electrónico |